| 000 | 00599nam a22002057a 4500 | ||
|---|---|---|---|
| 001 | 84743 | ||
| 003 | BD-RjUL | ||
| 005 | 20250304104459.0 | ||
| 008 | 250304s1965 pk ||||| |||| 00| 0 urd d | ||
| 035 | _a(BD-RjUL)84743 | ||
| 040 |
_aBD-RjUL _beng _cBD-RjUL |
||
| 041 | _aurd | ||
| 082 |
_223 _a891.439 _bSAA 1965 |
||
| 100 |
_aسندیلوی، سلام ;; sandilvi, salam _915122 |
||
| 245 |
_aادبی اشارے ;; adbi ashare / _cسلام سندیلوی ;; salam sandilvi |
||
| 260 |
_aLahore : _bIsrat Pub, _c1965 |
||
| 300 |
_a267 p. ; _c18 cm |
||
| 650 | _aUrdu Literature | ||
| 942 |
_2ddc _cBK |
||
| 999 |
_c84743 _d84743 |
||